[Event "23. Erfurter Schachfestival 2013 / Meis"]
[Site "Erfurt"]
[Date "2013.12.26"]
[Round "1.4"]
[White "Meister, Jakob"]
[Black "Rieke, Theo"]
[Result "1-0"]
[WhiteElo "2492"]
[BlackElo "2103"]
[PlyCount "104"]
[EventDate "2013.12.26"]
[EventRounds "8"]
[EventCountry "GER"]

1. e4 e5 2. Bc4 Nf6 3. d3 Bc5 4. Nc3 c6 5. Nf3 d6 6. Be3 Bxe3 7. fxe3 O-O 8.
Bb3 Be6 9. O-O Nbd7 10. Qe1 Qe7 11. Nh4 g6 12. Nf3 Kg7 13. Qh4 h6 14. h3 Ng8
15. Qg3 Kh7 16. Rf2 Nc5 17. d4 Nxb3 18. axb3 f6 19. Rd2 Bf7 20. Nh2 a6 21. Rf1
Rab8 22. Ng4 Be6 23. Nf2 Bc8 24. Nd3 Kg7 25. Ne1 Kh7 26. Nf3 Be6 27. Qe1 h5 28.
Qh4 Kg7 29. Qg3 Bf7 30. Rfd1 Nh6 31. Nh4 Kh7 32. Nf3 Kg7 33. Re1 Kh7 34. Nd1
Rg8 35. c4 g5 36. Nc3 g4 37. hxg4 Rxg4 38. Qh2 Rbg8 39. Rf1 Be8 40. b4 Rg3 41.
c5 dxc5 42. bxc5 Bf7 43. b4 Bc4 44. Rff2 exd4 45. exd4 f5 46. Ne2 Bxe2 47.
Rdxe2 fxe4 48. Ne5 e3 49. Rf3 Rxf3 50. Nxf3 Qe8 51. Qf4 Ng4 52. Ne5 Rf8 {ZÜ}
1-0

[Event "23. Erfurter Schachfestival 2013 / Meis"]
[Site "Erfurt"]
[Date "2013.12.26"]
[Round "1.5"]
[White "Held, Carsten"]
[Black "Richter, Michael"]
[Result "0-1"]
[WhiteElo "2080"]
[BlackElo "2461"]
[PlyCount "52"]
[EventDate "2013.12.26"]
[EventRounds "8"]
[EventCountry "GER"]

1. Nf3 d5 2. c4 d4 3. b4 f6 4. d3 e5 5. a3 c5 6. g3 cxb4 7. Bg2 Nc6 8. O-O a5
9. axb4 Bxb4 10. Na3 Nge7 11. Nb5 O-O 12. Ba3 Ra6 13. Nd2 Bf5 14. Bxb4 axb4 15.
Qb3 Kh8 16. Qb2 Qb6 17. f4 Bg4 18. Ne4 exf4 19. gxf4 Nf5 20. Nbd6 Ne3 21. Rfc1
Qc7 22. Nb5 Qxf4 23. Nxd4 Nxd4 24. Qxd4 Nxg2 25. Kxg2 f5 26. Rf1 Bh3+ 0-1

[Event "23. Erfurter Schachfestival 2013 / Meis"]
[Site "Erfurt"]
[Date "2013.12.26"]
[Round "1.6"]
[White "Abel, Dennes"]
[Black "Biedekoepper, Robert"]
[Result "1-0"]
[WhiteElo "2423"]
[BlackElo "2096"]
[PlyCount "109"]
[EventDate "2013.12.26"]
[EventRounds "8"]
[EventCountry "GER"]

1. d4 d5 2. c4 c6 3. Nf3 Nf6 4. e3 Bf5 5. Nc3 e6 6. Nh4 Be4 7. f3 Bg6 8. Qb3
Qc7 9. Bd2 Nbd7 10. g3 Be7 11. cxd5 exd5 12. O-O-O b5 13. Nxg6 hxg6 14. Qc2 a6
15. e4 c5 16. e5 cxd4 17. Nxb5 Qxc2+ 18. Kxc2 Rc8+ 19. Kb1 Nxe5 20. Nxd4 Nc4
21. Bc1 a5 22. Bd3 O-O 23. Rhe1 Bb4 24. Re2 Rfd8 25. Rc2 Re8 26. Nb5 Kf8 27. b3
Ne5 28. Nc7 Red8 29. f4 Nxd3 30. Rxd3 Rb8 31. Bb2 Rb7 32. Bxf6 gxf6 33. Rxd5
Rxd5 34. Nxd5 f5 35. Kb2 Bd6 36. Rc6 Bb4 37. Nxb4 axb4 38. a4 bxa3+ 39. Kxa3
Ke7 40. b4 Kd7 41. Rc1 Rb5 42. Ka4 Rd5 43. Rc2 Rd1 44. b5 Ra1+ 45. Kb4 Rb1+ 46.
Ka5 Ra1+ 47. Kb6 Kd8 48. Kb7 Rb1 49. Rd2+ Ke7 50. b6 Rc1 51. Ka7 Ra1+ 52. Kb8
Rb1 53. b7 Rc1 54. Rb2 Kd7 55. Ka7 1-0

[Event "23. Erfurter Schachfestival 2013 / Meis"]
[Site "Erfurt"]
[Date "2013.12.26"]
[Round "1.7"]
[White "Maiwald, Harald"]
[Black "Lubbe, Nikolas"]
[Result "0-1"]
[WhiteElo "2103"]
[BlackElo "2426"]
[PlyCount "70"]
[EventDate "2013.12.26"]
[EventRounds "8"]
[EventCountry "GER"]

1. Nf3 Nf6 2. g3 d6 3. d4 g6 4. Bg2 Bg7 5. O-O O-O 6. c4 c6 7. Nc3 Qb6 8. h3
Qa6 9. Qd3 Bf5 10. e4 Nxe4 11. Nxe4 d5 12. Ne5 dxe4 13. Qb3 Be6 14. d5 Bc8 15.
Ng4 f5 16. Ne3 Nd7 17. Bd2 Qb6 18. Bc3 Nc5 19. Qc2 Bxc3 20. Qxc3 Nd3 21. b3 Qc5
22. Rfd1 f4 23. Bxe4 Nxf2 24. Kxf2 fxe3+ 25. Kg2 Rf2+ 26. Kh1 e2 27. Re1 Bxh3
28. b4 Qd6 29. Qe3 Qf6 30. Rac1 Bg4 31. dxc6 bxc6 32. b5 Rf8 33. Bg2 Qf5 34.
bxc6 Qh5+ 35. Kg1 Rxg2+ 0-1

[Event "23. Erfurter Schachfestival 2013 / Meis"]
[Site "Erfurt"]
[Date "2013.12.26"]
[Round "1.8"]
[White "Kalinitschew, Sergey"]
[Black "Hovsepyan, Vardan"]
[Result "0-1"]
[WhiteElo "2444"]
[BlackElo "2026"]
[PlyCount "94"]
[EventDate "2013.12.26"]
[EventRounds "8"]
[EventCountry "GER"]

1. Nf3 Nf6 2. c4 g6 3. Nc3 Bg7 4. e4 O-O 5. d4 c5 6. d5 d6 7. h3 e5 8. g4 Na6
9. Bg5 h6 10. Be3 Ne8 11. Qd2 Kh7 12. Bd3 Bd7 13. a3 Nec7 14. Rb1 Qe7 15. b4 b6
16. Rg1 Rae8 17. Rg3 Qd8 18. Ke2 Rh8 19. h4 cxb4 20. axb4 Qc8 21. Nh2 Bf8 22.
h5 Kg7 23. hxg6 fxg6 24. f4 exf4 25. Bd4+ Kg8 26. Qxf4 Rh7 27. Rf3 b5 28. Qf6
Rg7 29. Qh4 bxc4 30. Bc2 Rh7 31. Rf6 g5 32. Qh5 Ree7 33. Rbf1 Bg7 34. Qg6 Nxb4
35. Rf7 Qe8 36. Rf8+ Qxf8 37. Rxf8+ Kxf8 38. Bxg7+ Rhxg7 39. Qxd6 Nxc2 40. Kd2
Ne8 41. Qc5 Na1 42. Qxc4 Rgf7 43. Nf1 Nd6 44. Qa6 Nb3+ 45. Ke3 Bxg4 46. Nh2 Rf6
47. Qa3 Nc4+ 0-1

[Event "23. Erfurter Schachfestival 2013 / Meis"]
[Site "Erfurt"]
[Date "2013.12.26"]
[Round "1.9"]
[White "Otto, Andreas"]
[Black "Ohme, Melanie"]
[Result "1/2-1/2"]
[WhiteElo "2065"]
[BlackElo "2370"]
[PlyCount "68"]
[EventDate "2013.12.26"]
[EventRounds "8"]
[EventCountry "GER"]

1. e4 c5 2. c3 Nf6 3. e5 Nd5 4. d4 cxd4 5. Nf3 Nc6 6. cxd4 d6 7. Bc4 Nb6 8. Bb5
a6 9. Bxc6+ bxc6 10. Qc2 Qc7 11. O-O d5 12. Bf4 e6 13. Rc1 Bb7 14. Nc3 Be7 15.
Bg5 Bf8 16. Na4 Nd7 17. Bh4 Rc8 18. Bg3 Qa5 19. Nc5 Nxc5 20. dxc5 Rb8 21. Rab1
Bc8 22. Nd4 Bd7 23. a3 Qc7 24. b4 Be7 25. f4 O-O 26. a4 Rfc8 27. Qc3 Qa7 28.
Nb3 Be8 29. Bf2 Rc7 30. Na5 Qa8 31. Rb3 Bd8 32. Rcb1 Rd7 33. Bd4 Ra7 34. Qg3
Rd7 1/2-1/2

[Event "23. Erfurter Schachfestival 2013 / Meis"]
[Site "Erfurt"]
[Date "2013.12.26"]
[Round "1.10"]
[White "Seger, Ruediger"]
[Black "Diehl, Andreas"]
[Result "1-0"]
[WhiteElo "2374"]
[BlackElo "2094"]
[PlyCount "59"]
[EventDate "2013.12.26"]
[EventRounds "8"]
[EventCountry "GER"]

1. e4 e5 2. Nf3 Nc6 3. d4 exd4 4. Nxd4 Qh4 5. Nc3 Bb4 6. Ndb5 Qxe4+ 7. Be2 Kd8
8. O-O Bxc3 9. bxc3 a6 10. Nd4 Nxd4 11. cxd4 Nf6 12. c4 Re8 13. Bf3 Qg6 14. Bf4
d6 15. Rb1 Rb8 16. c5 d5 17. Rb3 Bf5 18. Qd2 Be4 19. Qa5 Re7 20. Re1 Bxf3 21.
Rxf3 Rxe1+ 22. Qxe1 Qe4 23. Qd1 Kd7 24. Qa4+ c6 25. h3 Re8 26. Qb3 Kc8 27. Qb6
Re7 28. Bd6 Qe1+ 29. Kh2 Rd7 30. Rb3 1-0

[Event "23. Erfurter Schachfestival 2013 / Meis"]
[Site "Erfurt"]
[Date "2013.12.27"]
[Round "2.1"]
[White "Hellwig, Tobias"]
[Black "Jaracz, Pawel"]
[Result "1/2-1/2"]
[WhiteElo "2183"]
[BlackElo "2503"]
[PlyCount "132"]
[EventDate "2013.12.26"]
[EventRounds "8"]
[EventCountry "GER"]

1. d4 Nf6 2. c4 e6 3. Nc3 Bb4 4. Qc2 d6 5. a3 Bxc3+ 6. Qxc3 b6 7. Bg5 Bb7 8. e3
h6 9. Bh4 g5 10. Bg3 Ne4 11. Qc2 Nd7 12. Nf3 f5 13. Nd2 Qf6 14. f3 Nxg3 15.
hxg3 c5 16. dxc5 Nxc5 17. O-O-O Qe5 18. b4 Nd7 19. Qb2 a5 20. Qxe5 Nxe5 21. Kb2
Ke7 22. Be2 h5 23. Rh2 axb4 24. axb4 Ra4 25. Ra1 Rxa1 26. Kxa1 h4 27. gxh4 Rxh4
28. Rxh4 gxh4 29. Kb2 f4 30. exf4 Ng6 31. f5 exf5 32. Kc3 Kf6 33. Kd4 Nf4 34.
Bf1 Ne6+ 35. Ke3 Ke5 36. Nb3 f4+ 37. Kd3 Bc6 38. b5 Bb7 39. Be2 Bc8 40. Kc3 Bb7
41. Kd3 Nc5+ 42. Nxc5 dxc5 43. Kc3 Kf6 44. Kd2 Kg5 45. Ke1 Bc8 46. Bf1 Be6 47.
Be2 h3 48. gxh3 Bxh3 49. Bd3 Be6 50. Bf1 Bf5 51. Be2 Bg6 52. Bf1 Bh5 53. Be2
Bf7 54. Bf1 Be6 55. Be2 Kf6 56. Kd2 Ke5 57. Kc3 Bh3 58. Bd3 Bg2 59. Be2 Kf5 60.
Kd2 Bh3 61. Bd3+ Ke5 62. Kc3 Bg2 63. Be2 Kf6 64. Kd2 Kf5 65. Kd3 Ke5 66. Kc3 {
Stellungswiederholung} Bh3 1/2-1/2

[Event "23. Erfurter Schachfestival 2013 / Meis"]
[Site "Erfurt"]
[Date "2013.12.27"]
[Round "2.2"]
[White "Schneider, Ilja"]
[Black "Budzyn, Matthias"]
[Result "1-0"]
[WhiteElo "2511"]
[BlackElo "2167"]
[PlyCount "111"]
[EventDate "2013.12.26"]
[EventRounds "8"]
[EventCountry "GER"]

1. d4 Nf6 2. Bg5 e6 3. e4 h6 4. Bxf6 Qxf6 5. Nc3 Bb4 6. Qd3 O-O 7. O-O-O c5 8.
a3 Bxc3 9. Qxc3 Nc6 10. Qxc5 Qf4+ 11. Kb1 d6 12. Qh5 e5 13. Qf3 Qg5 14. Qg3
Qxg3 15. hxg3 exd4 16. Ne2 f5 17. exf5 Bxf5 18. Nxd4 Nxd4 19. Rxd4 Rac8 20.
Bc4+ Kh7 21. Bb3 Rf6 22. Re1 Bg6 23. Rf4 Rxf4 24. gxf4 Re8 25. Be6 Rf8 26. g3
Bf5 27. Kc1 g5 28. fxg5 hxg5 29. f4 gxf4 30. gxf4 Bxe6 31. Rxe6 Rxf4 32. Re7+
Kg6 33. Rxb7 Ra4 34. Rb4 Ra6 35. Rf4 Rb6 36. b3 Rc6 37. Kb2 a6 38. c4 d5 39.
cxd5 Rd6 40. Ra4 Kf5 41. Kc3 Ke5 42. Kc4 Rxd5 43. Rxa6 Rd4+ 44. Kc3 Rh4 45. Rc6
Kd5 46. Rc4 Rh3+ 47. Kb4 Rh8 48. a4 Rb8+ 49. Ka3 Rh8 50. a5 Rg8 51. Ka4 Rb8 52.
Rc1 Rh8 53. b4 Rg8 54. a6 Kd6 55. b5 Rg2 56. Ka5 1-0

[Event "23. Erfurter Schachfestival 2013 / Meis"]
[Site "Erfurt"]
[Date "2013.12.27"]
[Round "2.3"]
[White "Krauss, Josef"]
[Black "Meister, Jakob"]
[Result "1/2-1/2"]
[WhiteElo "2185"]
[BlackElo "2492"]
[PlyCount "101"]
[EventDate "2013.12.26"]
[EventRounds "8"]
[EventCountry "GER"]

1. e4 c5 2. c3 d5 3. exd5 Nf6 4. Bb5+ Nbd7 5. c4 a6 6. Bxd7+ Qxd7 7. d3 e6 8.
dxe6 Qxe6+ 9. Ne2 Bd6 10. O-O O-O 11. Bf4 Rd8 12. Nbc3 Qf5 13. Qd2 Bxf4 14.
Nxf4 b5 15. Nfd5 Nxd5 16. Nxd5 Kh8 17. Qe3 Bb7 18. Qxc5 Qxd3 19. Rfd1 Qf5 20.
b3 h6 21. h3 Rd7 22. Qb6 Qg5 23. Rd4 Bxd5 24. cxd5 Rxd5 25. Re4 Kh7 26. Rae1
Rad8 27. Qa7 R5d6 28. Re5 Qg6 29. a4 bxa4 30. bxa4 Rf6 31. Qe3 Rd3 32. Qe4 Rxh3
33. g3 Qxe4 34. R1xe4 g6 35. Kg2 Rh5 36. Rxh5 gxh5 37. Re5 Kg6 38. Ra5 Rc6 39.
Kh3 f6 40. f4 Rd6 41. Kh4 Rd1 42. f5+ Kg7 43. Kxh5 Rh1+ 44. Kg4 h5+ 45. Kf3 Kh6
46. Rxa6 Kg5 47. Ra8 Ra1 48. a5 Kxf5 49. a6 Ra3+ 50. Kf2 Ra4 51. a7 1/2-1/2

[Event "23. Erfurter Schachfestival 2013 / Meis"]
[Site "Erfurt"]
[Date "2013.12.27"]
[Round "2.4"]
[White "Richter, Michael"]
[Black "Graf, Roland"]
[Result "1-0"]
[WhiteElo "2461"]
[BlackElo "2178"]
[PlyCount "72"]
[EventDate "2013.12.26"]
[EventRounds "8"]
[EventCountry "GER"]

1. d4 Nf6 2. c4 g6 3. Nc3 d5 4. cxd5 Nxd5 5. Bd2 Nxc3 6. Bxc3 Bg7 7. Nf3 O-O 8.
Rc1 Bf5 9. e3 c6 10. Be2 Nd7 11. O-O Re8 12. Qb3 Nb6 13. Rfd1 Qd5 14. Qa3 Qd8
15. b4 Nd5 16. Be1 a6 17. Qb3 Bh6 18. a4 Be6 19. Qb1 Nxe3 20. fxe3 Bxe3+ 21.
Bf2 Bxc1 22. Qxc1 f6 23. Qh6 Rf8 24. Nd2 Bd5 25. Nc4 Rf7 26. a5 Qf8 27. Qe3 Re8
28. Qd2 e6 29. Bg3 Rd8 30. h3 Rfd7 31. Nb6 Rf7 32. Kh2 Qe7 33. Qc3 g5 34. Re1
Qf8 35. Qc5 Rg7 36. Nxd5 exd5 {ZÜ} 1-0

[Event "23. Erfurter Schachfestival 2013 / Meis"]
[Site "Erfurt"]
[Date "2013.12.27"]
[Round "2.5"]
[White "Urban, Lars"]
[Black "Abel, Dennes"]
[Result "0-1"]
[WhiteElo "2116"]
[BlackElo "2423"]
[PlyCount "94"]
[EventDate "2013.12.26"]
[EventRounds "8"]
[EventCountry "GER"]

1. d4 d5 2. c4 c6 3. Nc3 dxc4 4. a4 e5 5. dxe5 Qxd1+ 6. Nxd1 Na6 7. Bf4 Be6 8.
Nf3 Bb4+ 9. Nc3 Nc5 10. Ng5 Bf5 11. e4 Nxe4 12. Ngxe4 Bxe4 13. Bxc4 Ne7 14. O-O
Bf5 15. Rfd1 Ng6 16. Bg3 h5 17. h3 h4 18. Bh2 Be6 19. Bxe6 fxe6 20. Ne4 Rd8 21.
Nd6+ Bxd6 22. exd6 Rh5 23. Re1 Kd7 24. Re4 Rf8 25. Rae1 Rf6 26. b3 Rd5 27. Kf1
Rd3 28. R1e3 Rxe3 29. Rxe3 Rf5 30. g4 Rf6 31. Ke2 Nf4+ 32. Bxf4 Rxf4 33. Rd3 e5
34. Ke3 b6 35. f3 g5 36. Ke2 Rf6 37. Ke3 Rxd6 38. Rc3 Rd4 39. Rc4 Rxc4 40. bxc4
a6 41. Kd3 Kd6 42. Ke4 Ke6 43. Kd3 b5 44. cxb5 cxb5 45. a5 Kd5 46. Ke3 b4 47.
Kd3 Kc5 0-1

[Event "23. Erfurter Schachfestival 2013 / Meis"]
[Site "Erfurt"]
[Date "2013.12.27"]
[Round "2.6"]
[White "Lubbe, Nikolas"]
[Black "Pfadenhauer, Johannes"]
[Result "1-0"]
[WhiteElo "2426"]
[BlackElo "2041"]
[PlyCount "81"]
[EventDate "2013.12.26"]
[EventRounds "8"]
[EventCountry "GER"]

1. e4 c5 2. Nf3 Nc6 3. Nc3 g6 4. Bc4 Bg7 5. O-O d6 6. d3 Na5 7. Bb5+ Bd7 8. a4
a6 9. Bxd7+ Qxd7 10. Nd5 Rd8 11. Bd2 Nc6 12. Bc3 Nf6 13. Nxf6+ exf6 14. d4 O-O
15. Re1 f5 16. d5 Ne5 17. Nxe5 Bxe5 18. Bxe5 dxe5 19. c4 f4 20. a5 g5 21. Ra3
g4 22. Rb3 Kh8 23. Rb6 Rg8 24. Qb3 Rb8 25. Qc3 Qe7 26. d6 Qg5 27. Rd1 g3 28.
fxg3 fxg3 29. hxg3 h5 30. Qd2 Qxd2 31. Rxd2 Kg7 32. Rd5 Kf6 33. Rxc5 Rxg3 34.
Rc8 Rg8 35. Rxg8 Rxg8 36. Rxb7 h4 37. Kh2 Rg4 38. c5 Rxe4 39. c6 Rc4 40. d7 Ke7
41. Rb8 1-0

[Event "23. Erfurter Schachfestival 2013 / Meis"]
[Site "Erfurt"]
[Date "2013.12.27"]
[Round "2.7"]
[White "Schmuecker, Felix"]
[Black "Seger, Ruediger"]
[Result "0-1"]
[WhiteElo "2097"]
[BlackElo "2374"]
[PlyCount "100"]
[EventDate "2013.12.26"]
[EventRounds "8"]
[EventCountry "GER"]

1. e4 c6 2. d4 d5 3. exd5 cxd5 4. c4 Nf6 5. Nc3 e6 6. Nf3 Bb4 7. cxd5 Nxd5 8.
Bd2 O-O 9. Bd3 Nc6 10. a3 Be7 11. h4 Nf6 12. Bg5 h6 13. Qd2 Ng4 14. Bxe7 Nxe7
15. Bc2 Re8 16. Qd3 Nf5 17. Qd2 e5 18. O-O-O Nxd4 19. Nxd4 Qxd4 20. Qxd4 exd4
21. Rxd4 Be6 22. f4 Ne3 23. Be4 Rab8 24. Bf3 b5 25. Rd3 Bf5 26. Rd4 a5 27. Nd5
Rbc8+ 28. Nc3 Rb8 29. Nd5 Nxd5 30. Rxd5 Rec8+ 31. Kd1 Be6 32. Rd2 b4 33. axb4
Rxb4 34. g3 Rcb8 35. Rhh2 Rb3 36. Rhf2 Rxf3 37. Rxf3 Bg4 38. Rdd3 Bxf3+ 39.
Rxf3 Rxb2 40. Ra3 Rb5 41. Kd2 h5 42. Kd3 a4 43. Rxa4 Rb3+ 44. Ke2 Rxg3 45. f5
Rb3 46. f6 Rb6 47. fxg7 Kxg7 48. Ra5 Kg6 49. Rg5+ Kh6 50. Rf5 f6 0-1

[Event "23. Erfurter Schachfestival 2013 / Meis"]
[Site "Erfurt"]
[Date "2013.12.27"]
[Round "2.8"]
[White "Zwahr, Paul"]
[Black "Partzsch, Lukas"]
[Result "1/2-1/2"]
[WhiteElo "2374"]
[BlackElo "2105"]
[PlyCount "69"]
[EventDate "2013.12.26"]
[EventRounds "8"]
[EventCountry "GER"]

1. e4 c5 2. Nf3 d6 3. d4 cxd4 4. Nxd4 Nf6 5. Nc3 a6 6. Be3 e5 7. Nb3 Be6 8. f3
Be7 9. Qd2 Nbd7 10. O-O-O b5 11. Qf2 O-O 12. g4 Bxg4 13. fxg4 Nxg4 14. Qg3 Nxe3
15. Rg1 Bg5 16. Qxg5 Qxg5 17. Rxg5 Nxd1 18. Kxd1 Nb6 19. a3 Rad8 20. Na5 f6 21.
Rg3 f5 22. exf5 Rxf5 23. Bh3 Rf6 24. Ne4 Rh6 25. Nb7 Rf8 26. Nbxd6 Rd8 27. Rd3
Nc4 28. Nxc4 Rxd3+ 29. cxd3 Rxh3 30. Nxe5 Rxh2 31. Nd2 h5 32. Ke1 g5 33. Ne4
Rxb2 34. Nxg5 Rb3 35. Ne6 1/2-1/2

[Event "23. Erfurter Schachfestival 2013 / Meis"]
[Site "Erfurt"]
[Date "2013.12.27"]
[Round "2.9"]
[White "Heyder, Florian"]
[Black "Wichmann, Cliff"]
[Result "1/2-1/2"]
[WhiteElo "2127"]
[BlackElo "2361"]
[PlyCount "55"]
[EventDate "2013.12.26"]
[EventRounds "8"]
[EventCountry "GER"]

1. e4 e6 2. d4 d5 3. Nc3 Nf6 4. e5 Nfd7 5. Nce2 c5 6. f4 Nc6 7. Nf3 b5 8. g3
Qb6 9. c3 b4 10. Bg2 Ba6 11. Be3 Be7 12. O-O O-O 13. Rf2 Rac8 14. Kh1 Bxe2 15.
Qxe2 bxc3 16. bxc3 Qa5 17. Rc1 Qa3 18. Rc2 Rc7 19. f5 exf5 20. Ne1 Qa5 21. Rxf5
cxd4 22. cxd4 Nb6 23. Nd3 Qa4 24. Nc5 Qa3 25. Nb3 Rfc8 26. Rf2 Nd8 27. Rxc7
Rxc7 28. Qb5 1/2-1/2

[Event "23. Erfurter Schachfestival 2013 / Meis"]
[Site "Erfurt"]
[Date "2013.12.27"]
[Round "2.10"]
[White "Levushkina, Elena"]
[Black "Zuther, Torsten"]
[Result "0-1"]
[WhiteElo "2284"]
[BlackElo "2140"]
[PlyCount "72"]
[EventDate "2013.12.26"]
[EventRounds "8"]
[EventCountry "GER"]

1. e4 e6 2. d4 d5 3. Nd2 Nf6 4. e5 Nfd7 5. Bd3 c5 6. c3 Nc6 7. Ne2 cxd4 8. cxd4
f6 9. exf6 Nxf6 10. Nf3 Bd6 11. O-O O-O 12. Bf4 Bxf4 13. Nxf4 Ne4 14. Qc1 Qf6
15. Nh5 Qf5 16. Ng3 Nxg3 17. Bxf5 Ne2+ 18. Kh1 Nxc1 19. Bxh7+ Kxh7 20. Raxc1
Bd7 21. Rc3 Rac8 22. Re3 Kg8 23. h4 Rf4 24. Rd1 Na5 25. g3 Rff8 26. Ne5 Nc4 27.
Nxd7 Nxe3 28. fxe3 Rf2 29. Nc5 Rxb2 30. Nxe6 Rxa2 31. Nf4 Rac2 32. Nxd5 Rc1 33.
Ne7+ Kf8 34. Nxc8 Rxd1+ 35. Kg2 a5 36. Nb6 Rb1 0-1

[Event "23. Erfurter Schachfestival 2013 / Meis"]
[Site "Erfurt"]
[Date "2013.12.27"]
[Round "3.1"]
[White "Sobolevsky, Leonid"]
[Black "Schneider, Ilja"]
[Result "1/2-1/2"]
[WhiteElo "2238"]
[BlackElo "2511"]
[PlyCount "146"]
[EventDate "2013.12.26"]
[EventRounds "8"]
[EventCountry "GER"]

1. e4 e5 2. Nf3 d6 3. d4 exd4 4. Nxd4 Nf6 5. Nc3 Be7 6. Bf4 O-O 7. Qd3 a6 8.
Be2 Re8 9. O-O-O Bf8 10. Bg5 h6 11. Bh4 Nbd7 12. f4 Be7 13. Bxf6 Bxf6 14. Bf3
Nc5 15. Qd2 Bd7 16. Rhe1 c6 17. Nb3 Nxb3+ 18. axb3 Be7 19. Kb1 b5 20. f5 Bf8
21. e5 d5 22. Qf2 Bxf5 23. Bxd5 Bxc2+ 24. Qxc2 cxd5 25. Rxd5 Qc7 26. Qf5 Qc6
27. Rd7 Qe6 28. Rf1 Qxf5+ 29. Rxf5 Re7 30. Rxe7 Bxe7 31. Nd5 Bg5 32. g3 Rd8 33.
Nc7 Rd1+ 34. Ka2 Rd7 35. Ne8 Be7 36. Rf2 Rd5 37. Re2 b4 38. Kb1 Rd1+ 39. Kc2
Rd8 40. Nd6 Bxd6 41. exd6 Rxd6 42. Re8+ Kh7 43. Rb8 a5 44. Rb5 Rf6 45. Rxa5
Rf2+ 46. Kb1 Rxh2 47. Rb5 Rg2 48. Rxb4 Rxg3 49. Kc2 h5 50. Rf4 Kg8 51. b4 g5
52. Rf1 Kg7 53. b5 Re3 54. b6 Re6 55. Rf5 Rc6+ 56. Kd3 Rxb6 57. Rxg5+ Kh6 58.
Rg2 h4 59. Ke4 Kh5 60. Kf4 Rf6+ 61. Ke3 h3 62. Rf2 Rg6 63. b4 Re6+ 64. Kd4 Rg6
65. b5 Kh4 66. Rxf7 Rg4+ 67. Ke3 Kg3 68. b6 h2 69. Rh7 Kg2 70. b7 Rg8 71. Kd4
h1=Q 72. Rxh1 Kxh1 73. Kc5 Rb8 1/2-1/2

[Event "23. Erfurter Schachfestival 2013 / Meis"]
[Site "Erfurt"]
[Date "2013.12.27"]
[Round "3.2"]
[White "Schoene, Maria"]
[Black "Richter, Michael"]
[Result "1/2-1/2"]
[WhiteElo "2223"]
[BlackElo "2461"]
[PlyCount "101"]
[EventDate "2013.12.26"]
[EventRounds "8"]
[EventCountry "GER"]

1. e4 e6 2. d4 d5 3. Nc3 Nf6 4. Bg5 Bb4 5. e5 h6 6. Bd2 Bxc3 7. Bxc3 Ne4 8. Ne2
c5 9. dxc5 Nxc3 10. Nxc3 Nc6 11. f4 Qe7 12. Qd2 Qxc5 13. O-O-O a6 14. Kb1 b5
15. Bd3 b4 16. Ne2 a5 17. g4 a4 18. Ng3 a3 19. b3 O-O 20. h4 Ba6 21. g5 Bxd3
22. Qxd3 h5 23. Nxh5 Rfc8 24. Rhg1 Ne7 25. Nf6+ gxf6 26. gxf6+ Kf8 27. fxe7+
Kxe7 28. f5 Qc3 29. f6+ Kd7 30. Qxc3 Rxc3 31. Rd3 Rxd3 32. cxd3 Rh8 33. Rg4 Rh5
34. Rxb4 Rxe5 35. Rb7+ Kc6 36. Rxf7 Kc5 37. Ra7 Kd4 38. Rxa3 Rf5 39. b4 Rxf6
40. Rb3 e5 41. b5 e4 42. dxe4 dxe4 43. Kc1 e3 44. Kd1 Rf1+ 45. Ke2 Rf2+ 46. Ke1
Rxa2 47. b6 Ra1+ 48. Ke2 Ra2+ 49. Ke1 Ra1+ 50. Ke2 Ra2+ 51. Ke1 {
Stellungswiederholung} 1/2-1/2

[Event "23. Erfurter Schachfestival 2013 / Meis"]
[Site "Erfurt"]
[Date "2013.12.27"]
[Round "3.3"]
[White "Abel, Dennes"]
[Black "Weeks, Manuel"]
[Result "1-0"]
[WhiteElo "2423"]
[BlackElo "2181"]
[PlyCount "73"]
[EventDate "2013.12.26"]
[EventRounds "8"]
[EventCountry "GER"]

1. d4 Nf6 2. c4 e6 3. Nf3 Bb4+ 4. Bd2 Qe7 5. g3 Nc6 6. Bg2 Bxd2+ 7. Nbxd2 d6 8.
e4 e5 9. d5 Nb8 10. O-O O-O 11. Ne1 a5 12. Nd3 Na6 13. Qc2 Nd7 14. a3 Ndc5 15.
Nxc5 Nxc5 16. b4 Na6 17. Qc3 Bd7 18. Nb3 axb4 19. axb4 c6 20. c5 Rfc8 21. Rfc1
g6 22. Bf1 Nc7 23. Rxa8 Rxa8 24. cxd6 Qxd6 25. Nc5 Bc8 26. Nd3 f6 27. dxc6 b6
28. Nb2 Ne6 29. Bc4 Kg7 30. Bxe6 Bxe6 31. Rd1 Qc7 32. b5 Ra5 33. Qb4 Bf7 34.
Nc4 Ra2 35. Nd6 Kg8 36. Kg2 h5 37. Nb7 1-0

[Event "23. Erfurter Schachfestival 2013 / Meis"]
[Site "Erfurt"]
[Date "2013.12.27"]
[Round "3.4"]
[White "Tonndorf, Matthias"]
[Black "Lubbe, Nikolas"]
[Result "1/2-1/2"]
[WhiteElo "2219"]
[BlackElo "2426"]
[PlyCount "83"]
[EventDate "2013.12.26"]
[EventRounds "8"]
[EventCountry "GER"]

1. e4 d5 2. exd5 Qxd5 3. Nc3 Qa5 4. Bc4 Nf6 5. d3 c6 6. Nge2 Nbd7 7. Bd2 Qc7 8.
O-O e5 9. a4 Nb6 10. Bb3 Be7 11. Ng3 O-O 12. h3 Nbd5 13. Qf3 Be6 14. Nce4 Nxe4
15. dxe4 Nf4 16. Bxe6 Nxe6 17. Nf5 Rfd8 18. Rfd1 Bf8 19. Bc3 g6 20. Ne3 Bg7 21.
Nc4 Rxd1+ 22. Rxd1 b5 23. Ba5 Qe7 24. axb5 cxb5 25. Na3 b4 26. Nc4 Nd4 27. Qd3
Rc8 28. c3 bxc3 29. Bxc3 Rd8 30. Bxd4 Rxd4 31. Qc2 Qb4 32. b3 a5 33. Rxd4 exd4
34. Kf1 Bf8 35. Ke2 Qc5 36. Kd3 Qa7 37. Nd2 Bb4 38. Qc8+ Kg7 39. Qc4 Bxd2 40.
Kxd2 d3 41. Kxd3 f6 42. Ke2 1/2-1/2

[Event "23. Erfurter Schachfestival 2013 / Meis"]
[Site "Erfurt"]
[Date "2013.12.27"]
[Round "3.5"]
[White "Seger, Ruediger"]
[Black "Schmidt, Alexander"]
[Result "1-0"]
[WhiteElo "2374"]
[BlackElo "2107"]
[PlyCount "85"]
[EventDate "2013.12.26"]
[EventRounds "8"]
[EventCountry "GER"]

1. e4 c5 2. c3 b6 3. Nf3 Bb7 4. Bd3 g6 5. O-O Bg7 6. Re1 Nc6 7. Bf1 d6 8. d4
Qc7 9. d5 Ne5 10. Nxe5 dxe5 11. Qa4+ Kf8 12. c4 Nf6 13. Nd2 h6 14. b4 Nd7 15.
Nb3 Bf6 16. g3 Kg7 17. Bh3 e6 18. dxe6 fxe6 19. Bxe6 Bc6 20. Qa3 cxb4 21. Qxb4
a5 22. Qc3 a4 23. Nd2 Nc5 24. Bd5 Rad8 25. Rb1 Bd7 26. Bb2 g5 27. f4 gxf4 28.
gxf4 Kh7 29. Kh1 Rhf8 30. f5 Be8 31. Rg1 b5 32. cxb5 Rxd5 33. exd5 Bf7 34. Rg3
Bxd5+ 35. Kg1 Ba8 36. Rc1 Qb7 37. Qf3 Qb6 38. Nc4 Qxb5 39. Qh5 Qe8 40. Qxe8
Rxe8 41. Nd6 Rd8 42. Rxc5 Rxd6 43. Rc7+ 1-0

[Event "23. Erfurter Schachfestival 2013 / Meis"]
[Site "Erfurt"]
[Date "2013.12.27"]
[Round "3.6"]
[White "Zuther, Torsten"]
[Black "Klein, Felix"]
[Result "1/2-1/2"]
[WhiteElo "2140"]
[BlackElo "2263"]
[PlyCount "96"]
[EventDate "2013.12.26"]
[EventRounds "8"]
[EventCountry "GER"]

1. e4 e5 2. Nf3 Nc6 3. Nc3 Nf6 4. Bb5 Nd4 5. Bc4 d6 6. h3 Be7 7. d3 Nxf3+ 8.
Qxf3 O-O 9. Be3 c6 10. O-O h6 11. Bb3 Nh7 12. d4 Bg5 13. dxe5 dxe5 14. Bc5 Be7
15. Rad1 Qc7 16. Qe3 b6 17. Bxe7 Qxe7 18. Rd2 Ba6 19. Rfd1 Rad8 20. a4 Nf6 21.
a5 Rxd2 22. Qxd2 bxa5 23. Qd6 Qxd6 24. Rxd6 Bb5 25. f3 Rb8 26. Rd1 a4 27. Bxa4
Bxa4 28. Nxa4 Kf8 29. Kf2 Ke7 30. g4 Nd7 31. b3 f6 32. Ra1 Nf8 33. Nc5 Kd6 34.
Nd3 Rb7 35. f4 exf4 36. Nxf4 Nd7 37. Rd1+ Ke7 38. Nh5 g6 39. Nf4 Ne5 40. Ke3
Rb5 41. Ra1 Rb7 42. Ne2 Kd6 43. Nd4 Ke7 44. Ra5 Kd6 45. Kf4 Rb4 46. Ke3 Rb7 47.
Ra6 Kc5 48. Ra5+ Kd6 {Stellungswiederholung} 1/2-1/2

[Event "23. Erfurter Schachfestival 2013 / Meis"]
[Site "Erfurt"]
[Date "2013.12.27"]
[Round "3.7"]
[White "Smerdon, David"]
[Black "Loewe, Lennard"]
[Result "1-0"]
[WhiteElo "2523"]
[BlackElo "2155"]
[PlyCount "65"]
[EventDate "2013.12.26"]
[EventRounds "8"]
[EventCountry "GER"]

1. e4 c5 2. Nf3 d6 3. Bb5+ Bd7 4. Bxd7+ Qxd7 5. O-O Nc6 6. c3 Nf6 7. d4 e6 8.
d5 Nd8 9. Re1 Be7 10. b4 O-O 11. bxc5 Ne8 12. cxd6 Bxd6 13. e5 Bc5 14. c4 Nc7
15. d6 Na6 16. Nc3 Rc8 17. Ne4 f5 18. exf6 gxf6 19. Bh6 Rf7 20. Qd2 Nc6 21. Qf4
f5 22. Qg3+ Kh8 23. Ne5 Nxe5 24. Qxe5+ Kg8 25. Qg3+ Kh8 26. Qe5+ Kg8 27. Nf6+
Rxf6 28. Qxf6 Bxd6 29. Qg5+ Kh8 30. Qf6+ Kg8 31. Qg5+ Kh8 32. Rad1 Qe7 33. Rxd6
1-0